000
00174nam a22000857a 4500
999
_c
16224
_d
16224
003
OSt
008
200624b ||||| |||| 00| 0 eng d
245
_a
General Zology
942
_c
BK